000 00769cam a2200265 a 4500
001 16654459
005 20180202050030.0
008 110216s2010 maua b 001 0 eng
010 _a 2010481154
020 _a9780495568407 (alternate ed.)
020 _a0495568406 (alternate ed.)
035 _a(OCoLC)ocn652965253
040 _aCSG
_cCSG
_dDLC
041 _aeng
042 _alccopycat
043 _an-us---
080 _a32
100 _a21
101 _aSHK
245 0 0 _aUnderstanding American government /
_cSusan Welch ... [et al.].
504 _aIncludes bibliographical references (p. [514]-556) and index.
906 _a7
_bcbc
_ccopycat
_d2
_encip
_f20
_gy-gencatlg
942 _2ddc
_cBK
999 _c41623
_d41623